• 首页
  • 本馆介绍
  • 公告通知
  • 最新文献
  • 馆藏检索
  • 电子资源
  • 读者导购
  • 参考咨询
  • 我的图书馆
  • 登录
  • 详细信息显示
  • 放入我的书架
  • 预约/预借图书
  • 作者相关作品
  • 分类相关作品
  • 丛书相关作品
  • 出版社相关作品

书目信息

  • 表格格式
  • 工作单格式
  • 卡片格式
题名:
关怀德育论
    
 
作者: 侯晶晶 著
分册:  
出版信息: 北京   人民教育出版社  2005
页数: 366页
开本: 23cm
丛书名: 当代德育新理论丛书
单 册:
中图分类: G410
科图分类:
主题词: 德育 , 教育理论 , 德育--教育理论
电子资源:
ISBN: 7-107-18973-5
000 00991nam0 2200289 450
000 01015nam0 2200289 450
000 00948nam0 2200265 450
000 00912nam0 2200253 45
005 20070727102118.08
010    @a7-107-18973-5@dCNY34.70
100    @a20070709d2005 em y0chiy0120 ea
101 0  @achi
102    @aCN@b110000
105    @ay z 000yy
200 1  @a关怀德育论@AGuan Huai De Yu Lun@f侯晶晶著@FHou Jing Jing Zhu
210    @a北京@c人民教育出版社@d2005
215    @a366页@d23cm
225 2  @a当代德育新理论丛书
330    @a本书包括关怀德育教育理论产生的文化脉络之构述法分析、“关怀”范畴分析;关怀德育教育理论与实践;对诺丁斯关怀理论的评价之评价;我国关怀德育教育的发展、问题与可能对策;关怀取向的德育学习论等。
410  0 @12001 @a当代德育新理论丛书
606 0  @a德育
606 0  @a教育理论
606 0  @a德育@x教育理论
690    @aG410@v4
701  1 @a侯晶晶@AHou Jing Jing@c(女,@f1975~)@4著
801  0 @aCN@bTAOJIN@c20070727
905    @a10447@dG410@e33
    
    关怀德育论/侯晶晶著.-北京:人民教育出版社,2005
    366页;23cm.-(当代德育新理论丛书)
    
    
    ISBN 7-107-18973-5:CNY34.70
    本书包括关怀德育教育理论产生的文化脉络之构述法分析、“关怀”范畴分析;关怀德育教育理论与实践;对诺丁斯关怀理论的评价之评价;我国关怀德育教育的发展、问题与可能对策;关怀取向的德育学习论等。
●
相关链接 在E读中查询图书 在五车中查询图书 在当当中查询图书 在豆瓣中查询图书


正题名:关怀德育论     索取号:G410/33         预约/预借

序号 登录号 条形码 馆藏地/架位号 状态 备注
1 0820640   208206403   第一样本阅览室/ [索取号:G410/33] 在馆    
2 0820641   208206412   第四借阅区/ [索取号:G410/33] 在馆    
3 0820642   208206421   第四借阅区/ [索取号:G410/33] 在馆    
4 0820643   208206430   第四借阅区/ [索取号:G410/33] 在馆    
5 0820644   208206449   第四借阅区/ [索取号:G410/33] 在馆    
唐山师范学院图书馆 欢迎您!
大连网信软件有限公司© 版权所有